000 00809nas a2200253 4500
001 BR9803029
003 BR-BrBNA
005 20231205100809.0
007 ta
008 230509b bl.|||p| |||| 00| 00por d
040 _aBR-BrBNA
_bpor
_cBiblioteca Nacional de Agricultura
041 _a(Pt)
072 _aQ04
100 1 _aGalvao, M.T.E.L.
100 1 _aBeraquet, N.J.
245 1 _aRecuperacao da proteina de residuos da separacao mecanica de subprodutos da desossa manual de frango: uma revisao
650 _aFrango
650 _aDesossa
650 _aSubproduto
650 _aProteina
773 0 _tColetanea do Instituto de Tecnologia de Alimentos (Brazil)
_xISSN 0100-350X
_g(Jul-Dec 1992), v. 22(2) p. 118-127
_wBR9803029
909 _a202311
_bLúcia
_c55
_dLúcia Elande
942 _2AGRIS
_n0
_cANA
999 _c158141
_d158141